| 000 | 01162nam a2200325 i 4500 | ||
|---|---|---|---|
| 001 | bg | ||
| 245 | 0 | 0 |
_aPlanowanie kariery / _c[red. prowadzący tomu Ewdokia Cydejko ; przekł. t. 6 Michał Rusiński]. |
| 246 | 1 |
_iTyt. oryg. : _aBusiness : _bthe ultimate resource |
|
| 260 |
_aWarszawa : _bWydawnictwo Naukowe PWN, _c2007. |
||
| 300 |
_a304 s. ; _c23 cm. |
||
| 490 | 1 |
_aBiblioteka Gazety Wyborczej. _pBiznes ; _vT. 6 |
|
| 504 | _aBibliogr. s. 301 i przy rozdz. Indeks. | ||
| 521 | _aDla kadry zarządzającej : liderów i menedżerów, przedsiębiorców, a taże studentów. | ||
| 650 | 9 |
_aKariera _xplanowanie |
|
| 655 | _aPodręczniki | ||
| 700 | 1 |
_aCydejko, Ewdokia. _eRed. |
|
| 700 | 1 |
_aRusiński, Michał. _eTł. |
|
| 830 |
_aBiblioteka Gazety Wyborczej. _pBiznes ; |
||
| 020 | _a9788301152819 (całość) | ||
| 020 | _a9788301152765 (t. 6) | ||
| 040 | _cBPK | ||
| 041 | 1 |
_apol _heng |
|
| 044 | _aPOL | ||
| 080 | _a331.108.4(07) | ||
| 920 | _a978-83-01-15281-9 (całość) | ||
| 920 | _a978-83-01-15276-5 (t. 6) | ||
| 942 | _cKS | ||
| 008 | s pl f |000 0 pol | ||
| 999 |
_c54538 _d54538 |
||
| 856 |
_uhttp://koha.tu.koszalin.pl/cgi-bin/koha/opac-detail.pl?biblionumber=54538 _yKatalog online BPK |
||